Earthquake Resistant Design of Structures (Record no. 5841)

MARC details
000 -LEADER
fixed length control field 00371nam a2200157Ia 4500
003 - CONTROL NUMBER IDENTIFIER
control field OSt
008 - FIXED-LENGTH DATA ELEMENTS--GENERAL INFORMATION
fixed length control field 191201s2014 xx 000 0 und d
082 ## - DEWEY DECIMAL CLASSIFICATION NUMBER
Classification number 624.1762
Item number AGE
100 ## - MAIN ENTRY--PERSONAL NAME
Personal name AGARWAL,Pankaj
245 #0 - TITLE STATEMENT
Title Earthquake Resistant Design of Structures
250 ## - EDITION STATEMENT
Edition statement Rep
260 ## - PUBLICATION, DISTRIBUTION, ETC. (IMPRINT)
Place of publication, distribution, etc N. delhi
Name of publisher, distributor, etc PHI
Date of publication, distribution, etc 2014
300 ## - PHYSICAL DESCRIPTION
Extent 634
650 ## - SUBJECT ADDED ENTRY--TOPICAL TERM
Topical term or geographic name as entry element B.Tech(CE)
942 ## - ADDED ENTRY ELEMENTS (KOHA)
Source of classification or shelving scheme Dewey Decimal Classification
Koha item type Text Books
942 ## - ADDED ENTRY ELEMENTS (KOHA)
-- 3
Holdings
Withdrawn status Lost status Source of classification or shelving scheme Damaged status Not for loan Collection code Home library Current library Date acquired Source of acquisition Cost, normal purchase price Bill Number Total Checkouts Full call number Acc. no. / Barcode Date last seen Date last borrowed Actual Cost, discounted price Bill Date Koha item type Checked out Currency Public note
    Dewey Decimal Classification     B.Tech(CE) PIET C-LIBRARY PIET C-LIBRARY 18/03/2014 IBH, New Delhi 450.00 22792 4 624.1762 AGE 23620 29/06/2022 25/06/2022 302.40 08/03/2014 Text Books      
    Dewey Decimal Classification     B.Tech(CE) PIET C-LIBRARY PIET C-LIBRARY 18/03/2014 IBH, New Delhi 450.00 22792   624.1762 AGE 23621 04/12/2019   302.40 08/03/2014 Text Books      
    Dewey Decimal Classification     B.Tech(CE) PIET C-LIBRARY PIET C-LIBRARY 18/03/2014 IBH, New Delhi 450.00 22792 1 624.1762 AGE 23622 04/12/2020 04/12/2020 302.40 08/03/2014 Text Books 02/06/2021    
    Dewey Decimal Classification     B.Tech(CE) PIET C-LIBRARY PIET C-LIBRARY 23/03/2024 GABD Books 595.00 263 1 624.1762 AGE 35593 11/04/2024 11/04/2024 416.50 02/03/2024 Text Books 28/10/2024 In rupees Decentralisation

Design & Developed by: PIET Central Library
R70 Miles Stone Pattikalyana Samalkha Panipat 132102
mail ID :- [email protected], Phone No:- 0180-2569700 Ex.216